[Event "London Golders Green op U1900 5th"]
[Site "London"]
[Date "2015.01.18"]
[Round "4"]
[White "Jacob, Sydney J"]
[Black "Eranki, SMS Chaitanya"]
[Result "1/2-1/2"]
[WhiteElo "1882"]
[BlackElo "1583"]
[PlyCount "216"]
[EventDate "2015.01.17"]
[EventType "swiss"]
[EventRounds "5"]
[EventCountry "ENG"]
[SourceTitle "EXT 2018"]
[Source "ChessBase"]
[SourceDate "2017.10.13"]
[SourceVersion "1"]
[SourceVersionDate "2017.10.13"]
[SourceQuality "1"]

1. c4 Nf6 2. g3 e6 3. Bg2 d5 4. Nf3 c5 5. 0-0 Nc6 6. d3 Be7 7. Nbd2 0-0 8. b3 b6 9. Bb2 Bb7 10. Ne5 Nxe5 11. Bxe5 Ng4 12. Bb2 Bf6 13. Qc2 Bxb2 14. Qxb2 Qf6 15. Rab1 Rab8 16. h3 Qxb2 17. Rxb2 Nf6 18. b4 dxc4 19. Nxc4 Bxg2 20. Kxg2 cxb4 21. Rxb4 Nd5 22. Rb3 Rfd8 23. Rfb1 Rbc8 24. a4 g6 25. Kf3 Kg7 26. e4 Nc7 27. Ke3 Na6 28. a5 Nc5 29. Ra3 bxa5 30. Nxa5 Rc7 31. Rc1 Na6 32. Rxc7 Nxc7 33. Nc6 Nb5 34. Ra5 Rc8 35. Nxa7 Nxa7 36. Rxa7 Kf6 37. e5+ Kg7 38. Ra2 Rc1 39. d4 h5 40. h4 Rb1 41. Rd2 Rb5 42. Ke4 Rb4 43. Kf4 Kh6 44. g4 hxg4 45. Kxg4 Ra4 46. Rd3 Rb4 47. Kg3 Rb5 48. Rf3 Kg7 49. h5 gxh5 50. Kh4 Rb4 51. Rf4 Kg6 52. Rf6+ Kg7 53. Kxh5 Rxd4 54. Rf3 Re4 55. Rg3+ Kf8 56. Rg5 Rf4 57. Rg2 Rf5+ 58. Kg4 Rxe5 59. f4 Rf5 60. Ra2 Kg7 61. Ra8 Rb5 62. Ra4 Kg6 63. Rc4 Rf5 64. Rc8 Kg7 65. Rc7 Ra5 66. Rc4 Ra1 67. Rb4 Rg1+ 68. Kf3 Kf6 69. Rb7 Rc1 70. Rb4 Rd1 71. Kg4 Rg1+ 72. Kf3 Rc1 73. Kg4 Rc5 74. Rb8 Rc4 75. Kf3 e5 76. fxe5+ Kxe5 77. Re8+ Kf5 78. Ra8 Rc3+ 79. Kf2 Kg5 80. Rg8+ Kf4 81. Ra8 f5 82. Ra4+ Kg5 83. Ra8 Rc6 84. Kf3 Rc3+ 85. Kf2 Kg4 86. Rg8+ Kf4 87. Ra8 Rc2+ 88. Kf1 Kg3 89. Ra3+ Kg4 90. Ra8 f4 91. Rg8+ Kf3 92. Ke1 Rc4 93. Re8 Rc3 94. Rh8 Kg2 95. Rg8+ Rg3 96. Ra8 f3 97. Ra2+ Kg1 98. Rf2 Rh3 99. Rf1+ Kg2 100. Rf2+ Kg3 101. Rf1 Rh2 102. Rg1+ Kf4 103. Rg8 Rh4 104. Kf2 Rh2+ 105. Kf1 Rh4 106. Kf2 Rh2+ 107. Kf1 Rh4 108. Kf2 Rh2+ 1/2-1/2